| 000 | 00661nam a2200205Ia 4500 | ||
|---|---|---|---|
| 003 | GCL | ||
| 005 | 20240530105347.0 | ||
| 008 | 140319s9999 xx 000 0 ara d | ||
| 040 |
_aGCL / _cGCL |
||
| 082 | 0 | 4 |
_a347.02 _bر ج |
| 100 | 1 | _aرمسيس بهنام | |
| 245 | 1 | 0 |
_aالجرائم المضرة بالمصلحة العمومية / _cرمسيس بهنام |
| 260 |
_a[ الاسكندرية ] : _bمنشاة المعارف، _cد ت |
||
| 300 |
_a610 ص؛ _b24 سم |
||
| 490 |
_aالكتب القانونية _v0 |
||
| 650 | 0 | 4 | _aالقانون الجنائى |
| 650 | 0 | 4 | _aالقانون |
| 650 | 0 | 4 | _aالقانون المدنى |
| 942 |
_2ddc _cBK |
||
| 999 |
_c55285 _d55285 |
||